Alle Torschützen der Fußball EM 2024 - Statistiken

Allgemein
  • Dieses Quiz wurde 258 mal gespielt
  • Das Durchschnittsergebnis liegt bei 32 aus 91
Antwortstatistiken
Land Antwort Tore % Korrekt
Deutschland Jamal Musiala 3
98%
Deutschland Florian Wirtz 2
93%
Deutschland Niklas Füllkrug 2
92%
Deutschland Kai Havertz 2
88%
Spanien Lamine Yamal 1
81%
England Harry Kane 3
77%
Frankreich Kylian Mbappé 1
76%
Deutschland Emre Can 1
72%
Spanien Nico Williams 2
70%
England Jude Bellingham 2
69%
Kroatien Luka Modrić 1
69%
Deutschland Ilkay Gündogan 1
68%
Spanien Álvaro Morata 1
66%
Polen Robert Lewandowski 1
66%
Spanien Dani Olmo 3
64%
Türkei Arda Güler 1
61%
Niederlande Cody Gakpo 3
59%
Schottland Antonio Rüdiger 1 (Eigentor)
56%
Schweiz Xherdan Shaqiri 1
52%
Schweiz Breel Embolo 2
51%
Niederlande Xavi Simons 1
47%
Österreich Marcel Sabitzer 1
46%
England Bukayo Saka 1
45%
Dänemark Christian Eriksen 1
45%
Georgien Khvicha „Kvara“ Kvaratskhelia 1
45%
Portugal Bruno Fernandes 1
43%
Spanien Mikel Merino 1
42%
Spanien Fabián Ruiz 2
41%
Tschechien Patrik Schick 1
41%
Spanien Rodri 1
41%
Österreich Marko Arnautović 1
40%
Italien Nicolò Barella 1
40%
Österreich Donyell Malen 1 (Eigentor)
39%
Niederlande Donyell Malen 2
39%
Slowakei Ivan Schranz 3
39%
Niederlande Memphis Depay 1
39%
Niederlande Wout Weghorst 1
39%
Spanien Dani Carvajal 1
38%
Georgien Georges Mikautadze 3
37%
Frankreich Randal Kolo Muani 1
35%
Portugal Bernardo Silva 1
34%
England Ollie Watkins 1
34%
Ungarn Barnabás Varga 1
32%
Österreich Christoph Baumgartner 1
32%
Türkei Merih Demiral 2
32%
Kroatien Andrej Kramarić 1
31%
Österreich Michael Gregoritsch 1
31%
Georgien Robin Le Normand 1 (Eigentor)
30%
Schweiz Dan Ndoye 1
27%
Rumänien Nicolae Stanciu 1
27%
Schweiz Ruben Vargas 1
27%
Italien Alessandro Bastoni 1
26%
Frankreich Maximilian Wöber 1 (Eigentor)
26%
Niederlande Mert Müldür 1 (Eigentor)
24%
Türkei Mert Müldür 1
24%
Schottland Scott McTominay 1
24%
Spanien Ferran Torres 1
23%
Serbien Luka Jović 1
23%
England Cole Palmer 1
22%
Türkei Hakan Çalhanoglu 1
22%
Schweiz Remo Freuler 1
22%
Kroatien Klaus Gjasula 1 (Eigentor)
21%
Albanien Klaus Gjasula 1
21%
Schweiz Michel Aebischer 1
20%
Spanien Riccardo Calafiori 1 (Eigentor)
20%
Niederlande Stefan de Vrij 1
18%
Portugal Francisco Conceição 1
17%
Türkei Cenk Tosun 1
15%
Italien Mattia Zaccagni 1
15%
Tschechien Tomáš Souček 1
15%
Frankreich Jan Vertonghen 1 (Eigentor)
14%
Österreich Romano Schmid 1
14%
Österreich Gernot Trauner 1
13%
Dänemark Morten Hjulmand 1
13%
Schweiz Kwadwo Duah 1
12%
Türkei Kerem Aktürkoglu 1
11%
Albanien Nedim Bajrami 1
11%
Polen Adam Buksa 1
10%
Rumänien Razvan Marin 2
10%
Portugal Samet Akaydin 1 (Eigentor)
10%
Türkei Samet Akaydin 1
10%
Polen Krzysztof Piatek 1
9%
Rumänien Denis Drâgus 1
8%
Spanien Mikel Oyarzabal 1
8%
Albanien Qazim Laçi 1
7%
Slowenien Erik Janža 1
6%
Ungarn Kevin Csoboth 1
6%
Slowakei Ondrej Duda 1
5%
Tschechien Lukáš Provod 1
4%
Portugal Robin Hranáč 1 (Eigentor)
3%
Slowenien Žan Karničnik 1
3%
Keine übereinstimmenden Quizze gefunden
Verteilung der Resultate
Anzahl Personen mit jedem Resultat
Perzentil nach korrekt beantworteten Fragen
Ihre Resultats-Entwicklung
Sie haben dieses Quiz noch nicht gespielt